A HISTORY OF THE WORLD IN 100 OBJECTS (Record no. 2081)
[ view plain ]
| 000 -LEADER | |
|---|---|
| fixed length control field | 00320nam a22001337a 4500 |
| 020 ## - INTERNATIONAL STANDARD BOOK NUMBER | |
| ISBN | 978-1-846-14511-7 |
| 082 ## - DEWEY DECIMAL CLASSIFICATION NUMBER | |
| Classification number | 001 |
| Item number | MAC/H |
| 100 ## - MAIN ENTRY--AUTHOR NAME | |
| Personal name | MACGREGOR,NEIL |
| 245 ## - TITLE STATEMENT | |
| Title | A HISTORY OF THE WORLD IN 100 OBJECTS |
| 260 ## - PUBLICATION, DISTRIBUTION, ETC. (IMPRINT) | |
| Place of publication | ENGLAND |
| Name of publisher | PENGUIN GROUP |
| 300 ## - PHYSICAL DESCRIPTION | |
| Number of Pages | 707 |
| 650 ## - SUBJECT ADDED ENTRY--TOPICAL TERM | |
| Topical Term | GENERAL KNOWLEDGE |
| Geographic subdivision | ENGLAND |
| 942 ## - ADDED ENTRY ELEMENTS (KOHA) | |
| Koha item type | Books |
| Withdrawn status | Lost status | Collection code | Home library | Current library | Shelving location | Date acquired | Source of acquisition | Serial Enumeration / chronology | Full call number | Accession Number | Koha item type |
|---|---|---|---|---|---|---|---|---|---|---|---|
| Reference | Main Library | Main Library | SHELF 2-A SCIENCE IN OUR WORLD,FUNK7WAGNALLS ENCYCLO,,FIRST AID ,Y2K,MEDICAL | 25/10/2022 | PURCHASE | POUND 20 | 001 MAC/H | 12445 | Books |